000 00876nam a2200253 a 4500
001 55153
003 BD-RjUL
005 20211209080225.0
008 161114s1961 nju b 000 0 eng
035 _a(BD-RjUL)55275
040 _aDLC
_cODaWU
_dDGW
_dBD-RjUL
_dBD-RjUL
_dBD-RjUL
_beng
041 _aeng
082 _223
_a822.33
_bWAS 1961
100 1 _aWatkins, W. B. C.
_q(Walter Barker Critz),
_d1907-1957.
_9164347
245 1 0 _aShakespeare & Spenser /
_cW B C Watkins
250 _a1st ed.
260 _aCambridge :
_bPrinceton University Press,
_c1961
300 _aix, 339 p. ;
_c25 cm.
504 _a"References and comments": p. 310-330.
600 1 0 _aShakespeare, William,
_d1564-1616
_xCriticism and interpretation.
_9164359
600 1 0 _aSpenser, Edmund,
_d1552?-1599
_xCriticism and interpretation.
_9164349
740 0 _aShakespeare and Spenser.
942 _2ddc
_cBK
999 _c55153
_d55153